Schnelle Mathematik - Multiplikation zur Basis 5 Level 01 - Statistiken

Allgemein
  • Dieses Quiz wurde 99 mal gespielt
  • Das Durchschnittsergebnis liegt bei 14 aus 20
Antwortstatistiken
Frage Antwort % Korrekt
0⋅0 0
88%
1⋅1 1
86%
0⋅1 0
85%
0⋅3 0
85%
1⋅0 0
85%
3⋅0 0
85%
1⋅1 1
85%
2⋅1 2
85%
3⋅1 3
85%
2⋅2 4
85%
0⋅0 0
83%
1⋅2 2
83%
1⋅3 3
83%
2⋅2 4
83%
0⋅2 0
81%
2⋅0 0
80%
2⋅3 11
17%
3⋅3 14
17%
3⋅2 11
15%
3⋅3 14
15%
Keine übereinstimmenden Quizze gefunden
Verteilung der Resultate
Anzahl Personen mit jedem Resultat
Perzentil nach korrekt beantworteten Fragen
Ihre Resultats-Entwicklung
Sie haben dieses Quiz noch nicht gespielt